Pope Names - Sudden Death - Statistics

General Stats
  • This quiz has been taken 1,564 times
    1,154 since last reset
  • The average score is 7 of 15
Answers on the Grid
Answers color-coded by a green-red scale on the quiz's grid according to % correct below.
John
Paul
John Paul
Boniface
Leo
Marcus
Clement
Urban
Francis
Innocent
Adrian
Sergius
Felix
Conon
Lucius
Pompeius
Vitus
Seneca
Junius
Ignatius
Festus
Crispus
Antoninus
Albus
Cato
Gordian
Jovian
Syrus
Tatius
Tertius
 
Answer Stats
Answer % Correct
John Paul
76%
Leo
75%
Francis
71%
Paul
68%
John
67%
Innocent
65%
Urban
61%
Clement
60%
Boniface
54%
Adrian
31%
Felix
25%
Lucius
17%
Marcus
17%
Sergius
10%
Conon
5%
No matching quizzes found
Score Distribution
Percent of People with Each Score
Percentile by Number Answered
Your Score History
You have not taken this quiz since the last reset